书目信息 |
| 题名: |
SketchUp 2014草图大师从入门到精通
|
|
| 作者: | 李波 编著 | |
| 分册: | ||
| 出版信息: | 北京 电子工业出版社 2015.06 |
|
| 页数: | 366页 | |
| 开本: | 26cm | |
| 丛书名: | 技能应用速成系列 | |
| 单 册: | ||
| 中图分类: | TU201.4 | |
| 科图分类: | ||
| 主题词: | 建筑设计--jian zhu she ji--计算机辅助设计--应用软件 | |
| 电子资源: | ||
| ISBN: | 978-7-121-25957-9 | |
| 000 | 01126nam 2200289 450 | |
| 001 | CAL 0120151577495 | |
| 005 | 20150825154801.39 | |
| 010 | @a978-7-121-25957-9@dCNY59.00 (含光盘) | |
| 010 | @a978-7-89394-084-2@b光盘 | |
| 100 | @a20150604d2015 em y0chiy50 ea | |
| 101 | 0 | @achi |
| 102 | @aCN@b110000 | |
| 105 | @aa z 000yy | |
| 106 | @ar | |
| 200 | 1 | @aSketchUp 2014草图大师从入门到精通@ASketchUp 2014 cao tu da shi cong ru men dao jing tong@f李波等编著 |
| 210 | @a北京@c电子工业出版社@d2015.06 | |
| 215 | @a366页@c图@d26cm@e光盘1片 | |
| 225 | 2 | @a技能应用速成系列@Aji neng ying yong su cheng xi lie |
| 330 | @a本书共分为12章, 包括SketchUp的概述与基础, 视图的控制与对象的显示, 绘图工具的应用, 常用工具的应用, 插件的应用, 图层、群组与组件的应用, 材质与贴图的应用, 场景与动画的应用, 文件的导入与导出操作, 别墅建筑效果图的制作等。 | |
| 410 | 0 | @12001 @a技能应用速成系列 |
| 586 | @a | |
| 606 | 0 | @a建筑设计@Ajian zhu she ji@x计算机辅助设计@x应用软件 |
| 610 | 0 | @aSketchUp |
| 690 | @aTU201.4@v5 | |
| 701 | 0 | @a李波@Ali bo@4编著 |
| 801 | 0 | @aCN@c20150820 |
| 905 | @a河南城建学院图书馆@dTU201.4@eL1268@f3 | |
| SketchUp 2014草图大师从入门到精通/李波等编著.-北京:电子工业出版社,2015.06 |
| 366页:图;26cm+光盘1片.-(技能应用速成系列) |
| ISBN 978-7-121-25957-9:CNY59.00 (含光盘) |
| 本书共分为12章, 包括SketchUp的概述与基础, 视图的控制与对象的显示, 绘图工具的应用, 常用工具的应用, 插件的应用, 图层、群组与组件的应用, 材质与贴图的应用, 场景与动画的应用, 文件的导入与导出操作, 别墅建筑效果图的制作等。 |
| ● |
| 相关链接 |
|
|
|
正题名:SketchUp 2014草图大师从入门到精通
索取号:TU201.4/L1268
 
预约/预借
| 序号 | 登录号 | 条形码 | 馆藏地/架位号 | 状态 | 备注 |
| 1 | 1224042 | 212240421 | 建筑库101/101建筑库 34排3列3层/ [索取号:TU201.4/L1268] | 在馆 | |
| 2 | 1224043 | 212240430 | 建筑库101/101建筑库 34排3列3层/ [索取号:TU201.4/L1268] | 在馆 | |
| 3 | 1224044 | 212240449 | 建筑库101/101建筑库 34排3列3层/ [索取号:TU201.4/L1268] | 在馆 |